Report of chief of Division of Safety covering investigation of accident on Chicago, St. Paul, Minneapolis and Omaha Railway, near Bigelow, Minn., Feb. 9, 1914.

Bibliographic Details
Corporate Author: Chicago, St. Paul, Minneapolis & Omaha Railroad
Format: Government Document eBook
Language:English
Published: Washington : U.S. GPO, 1914.
Subjects:
Online Access:Connect to the full text of this electronic document

MARC

Tag First Indicator Second Indicator Subfields
LEADER 00000cam a22000001a 4500
001 in00003802021
005 20190408183726.0
006 m o d f
007 cr bn mmmapmmp
008 040322s1914 dcu o f000 0 eng d
035 |a ebd1910407404 
040 |a UMI  |c UMI  |d UtOrBLW 
086 0 |a IC 1acci.5:B 48 
099 |a IC1.57-5.16 
245 0 0 |a Report of chief of Division of Safety covering investigation of accident on Chicago, St. Paul, Minneapolis and Omaha Railway, near Bigelow, Minn., Feb. 9, 1914. 
264 1 |a Washington :  |b U.S. GPO,  |c 1914. 
300 |a 1 online resource (40 pages) 
336 |a text  |b txt  |2 rdacontent 
337 |a computer  |b c  |2 rdamedia 
338 |a online resource  |b cr  |2 rdacarrier 
500 |a Record is based on bibliographic data in ProQuest U.S. Executive Branch Documents, 1910-1932. Reuse except for individual research requires license from ProQuest, LLC. 
533 |a Electronic reproduction.  |b [Bethesda, Md.] :  |c ProQuest,  |d 2012.  |e digital, PDF file.  |n ProQuest U.S. Executive Branch Documents, 1910-1932.  |n Mode of access: World Wide Web via ProQuest website. 
538 |a System requirements: PDF reader software. 
500 |a Electronic resource. 
650 0 |a Railroad accidents.  |0 http://id.loc.gov/authorities/subjects/sh85110906 
651 0 |a Bigelow (Minn.)  |0 http://id.loc.gov/authorities/names/no89003725 
651 0 |a Minnesota.  |0 http://id.loc.gov/authorities/names/n79021675 
655 7 |a Electronic books.  |2 local 
710 2 |a Chicago, St. Paul, Minneapolis & Omaha Railroad.  |0 http://id.loc.gov/authorities/names/n85185919 
776 1 8 |i Microfiche version:  |t Report of chief of Division of Safety covering investigation of accident on Chicago, St. Paul, Minneapolis & Omaha Railway, near Bigelow, Minn., Feb. 9, 1914  |o CIS US Exec MF IC1.57-5.16  |w (ProQuest)cis19144125 
856 4 0 |u http://proxy.library.tamu.edu/login?url=http://congressional.proquest.com/congressional/docview/t66.d71.ic1.57-5.16  |z Connect to the full text of this electronic document  |t 0 
999 f f |s 1d566208-3587-389a-aeb2-21997be81657  |i 4627316a-5828-30f2-a91d-9cdb0ddd69de  |t 0 
952 f f |a Texas A&M University  |b College Station  |c Electronic Resources  |d Available Online  |t 0  |h No information provided 
998 f f |t 0  |l Available Online